[Event "Uljanovsk op"]
[Site "Uljanovsk"]
[Date "2008.02.06"]
[Round "9"]
[White "Okulov, Andrey"]
[Black "Elistratov, Ilia"]
[Result "1-0"]
[WhiteElo "2269"]
[BlackElo "2196"]
[PlyCount "82"]
[EventDate "2008.02.01"]
[EventType "swiss"]
[EventRounds "9"]
[EventCountry "RUS"]
[SourceTitle "EXT 2009"]
[Source "ChessBase"]
[SourceDate "2008.11.26"]
[SourceVersion "1"]
[SourceVersionDate "2008.11.26"]
[SourceQuality "1"]

1. e4 e5 2. f4 Qh4+ 3. g3 Qe7 4. fxe5 d6 5. Nc3 dxe5 6. d3 Nf6 7. Nf3 Nc6 8. Bg5 Be6 9. Qe2 0-0-0 10. 0-0-0 Bg4 11. Bg2 Nd4 12. Qf1 Qb4 13. Bh3 Nxf3 14. Bxg4+ Nxg4 15. Qxf3 Nf6 16. Qf5+ Kb8 17. Qxe5 Bc5 18. Bd2 Ng4 19. Qf4 Nf2 20. Nd5 Qa4 21. Qxc7+ Ka8 22. Qxc5 Rc8 23. Nc7+ Rxc7 24. Qxc7 Qxa2 25. Qa5 Nxd3+ 26. cxd3 Rc8+ 27. Qc3 Rxc3+ 28. Bxc3 f6 29. Rhf1 b5 30. Rf5 a6 31. e5 b4 32. Bd4 Qd5 33. Be3 b3 34. Kd2 fxe5 35. Ke2 g6 36. Rf6 g5 37. Rxa6+ Kb8 38. Rc1 Qg2+ 39. Bf2 e4 40. Rb6+ Ka8 41. Rc8+ Ka7 1-0

[Event "Uljanovsk op"]
[Site "Uljanovsk"]
[Date "2008.02.04"]
[Round "6"]
[White "Okulov, Andrey"]
[Black "Mirzanurov, Bulat"]
[Result "0-1"]
[WhiteElo "2269"]
[BlackElo "2213"]
[PlyCount "64"]
[EventDate "2008.02.01"]
[EventType "swiss"]
[EventRounds "9"]
[EventCountry "RUS"]
[SourceTitle "EXT 2009"]
[Source "ChessBase"]
[SourceDate "2008.11.26"]
[SourceVersion "1"]
[SourceVersionDate "2008.11.26"]
[SourceQuality "1"]

1. d4 Nf6 2. c4 c5 3. d5 e6 4. Nc3 exd5 5. cxd5 d6 6. e4 g6 7. Nf3 Bg7 8. Bd3 0-0 9. 0-0 Re8 10. Re1 Bg4 11. Bf4 Nh5 12. Be3 Nd7 13. Qd2 Bxf3 14. gxf3 Qh4 15. Bg5 Qh3 16. Be2 a6 17. a4 Bd4 18. Nd1 f6 19. Be3 Ne5 20. Ra3 Nxf3+ 21. Bxf3 Qxf3 22. Bxd4 Qg4+ 23. Kh1 cxd4 24. Qxd4 Rac8 25. f3 Qf4 26. Qe3 f5 27. Nc3 Qh4 28. Rb3 f4 29. Qd2 Re5 30. Ne2 Qf2 31. Qd1 Ng3+ 32. Nxg3 fxg3 0-1

[Event "Uljanovsk op"]
[Site "Uljanovsk"]
[Date "2008.02.02"]
[Round "2"]
[White "Yakimkin, Igor"]
[Black "Okulov, Andrey"]
[Result "1-0"]
[WhiteElo "2093"]
[BlackElo "2269"]
[PlyCount "71"]
[EventDate "2008.02.01"]
[EventType "swiss"]
[EventRounds "9"]
[EventCountry "RUS"]
[SourceTitle "EXT 2009"]
[Source "ChessBase"]
[SourceDate "2008.11.26"]
[SourceVersion "1"]
[SourceVersionDate "2008.11.26"]
[SourceQuality "1"]

1. e4 c5 2. Nf3 e6 3. d4 cxd4 4. Nxd4 Nf6 5. Nc3 d6 6. Be3 a6 7. f3 Qc7 8. Qd2 Nbd7 9. 0-0-0 Ne5 10. g4 b5 11. a3 Nfd7 12. Qf2 Bb7 13. h4 Rc8 14. Kb1 Qa5 15. Nb3 Qc7 16. Nd4 Nc4 17. Bxc4 Qxc4 18. Nb3 Qc7 19. g5 Ne5 20. Bb6 Qe7 21. Na5 Ba8 22. f4 Nc4 23. Nxc4 Rxc4 24. Rhe1 b4 25. axb4 Qb7 26. Ba5 Be7 27. f5 0-0 28. f6 Bd8 29. fxg7 Re8 30. Bxd8 Rxd8 31. Qf6 Rdc8 32. Rxd6 Qa7 33. Red1 Bc6 34. h5 Be8 35. g6 h6 36. Rd7 1-0